000 01270cam a2200349 i 4500
001 20149715
003 OSt
005 20230605125406.0
008 171121s2017 ke a b 001 0 eng
020 _a9789966530530
020 _z9966530530
040 _aDLC
_beng
_erda
_cDLC
042 _alcode
_apcc
043 _af-ke---
082 _a328.3046762
_bGIC
100 1 _aGicheru, H. B. Ndoria,
_eauthor.
245 1 0 _aDemise and rebirth of Parliament :
_ba Kenyan paradigm /
_cH.B. Ndoria Gicheru.
264 1 _aNairobi, Kenya :
_bLawAfrica Publishing (K) Ltd.,
_c[2017?]
300 _aXXIV, 533p
_billustrations ;
_c21 cm.
336 _atext
_btxt
_2rdacontent
337 _aunmediated
_bn
_2rdamedia
338 _avolume
_bnc
_2rdacarrier
490 0 _aParliamentary politico-legal series
500 _aErrata slip inserted.
504 _aIncludes bibliographical references (pages 523-524) and index.
610 1 0 _aKenya.
_bParliament
_xHistory.
610 1 0 _aKenya.
_bNational Assembly
_xHistory.
710 2 _aLawAfrica (Firm),
_eissuing body.
906 _a7
_bibc
_corigode
_d2
_encip
_f20
_gy-gencatlg
942 _2ddc
_cBK
999 _c403
_d403